| 000 | 00737nam a2200205 a 4500 | ||
|---|---|---|---|
| 001 | 000016456 | ||
| 005 | 20200929164922.0 | ||
| 008 | 100305s2005 dr a 000 0 spa d | ||
| 020 | _a9993424153 | ||
| 040 |
_aDO-SdBNP _bspa _cBNPHU |
||
| 082 |
_axxx _bP227c |
||
| 100 | 1 |
_aParedes de la Rosa, Ángel _936667 |
|
| 245 | 1 | 0 |
_aComités de trabajo : _bestrategía de participación estudiantil / _cÁngel Paredes de la Rosa; edición Pilar Cachofeiro Ramos. |
| 260 |
_aSanto Domingo : _bCentro Cultural Poveda, _c2005. |
||
| 300 |
_a62 p. : _bil. ; _c27 cm. |
||
| 490 | 1 |
_aCuadernos de Sociedad y Educación _v18 |
|
| 700 | 1 |
_aCachofeiro Ramos, Pilar _eed. _936668 |
|
| 830 | 0 |
_aCuadernos de Sociedad y Educación _n18 _936669 |
|
| 049 | _aBNPD | ||
| 999 |
_c15991 _d15991 |
||